Elements by Discoverer - Statistics

General Stats
  • This quiz has been taken 17 times
  • The average score is 17 of 26
Answer Stats
Discoverer Year of Discovery Answer % Correct
Marie & Pierre Curie 1898 Radium
100%
Henry Cavendish 1766 Hydrogen
93%
Daniel Rutherford 1772 Nitrogen
93%
Carl Scheele 1772 Oxygen
86%
Martin Klaproth 1789 Uranium
86%
William Ramsay 1894 Argon
79%
William Ramsay 1898 Neon
79%
Marie & Pierre Curie 1898 Polonium
79%
Humphry Davy 1807 Potassium
79%
Carl Scheele 1774 Chlorine
71%
Humphry Davy 1811 Flourine
71%
Pierre Janssen/Norman Lockyer 1868 Helium
71%
Glenn Seaborg 1941 Plutonium
71%
Humphry Davy 1807 Sodium
71%
William Ramsay 1898 Xenon
71%
William Ramsay 1898 Krypton
64%
Humphry Davy 1825 Bromine
57%
Friedrich Wohler 1828 Beryllium
50%
Hennig Brand 1669 Phosphorus
50%
William Gregor 1791 Titanium
50%
Carl Scheele 1774 Barium
36%
Carl Scheele 1781 Tungsten
36%
Martin Klaproth 1789 Zirconium
36%
Carl Scheele 1778 Molybdenum
29%
Edwin MacMillan 1940 Neptunium
29%
Ernest Lawrence 1936 Technetium
21%
No matching quizzes found
Score Distribution
Percent of People with Each Score
Percentile by Number Answered
Your Score History
You have not taken this quiz